[Event "ISR-chT U18"]
[Site "Beer Yaakov"]
[Date "2022.08.16"]
[Round "7.2"]
[White "Shocron, Alon"]
[Black "Tsirilman, Guy"]
[Result "0-1"]
[WhiteElo "1885"]
[BlackElo "2113"]
[PlyCount "70"]
[EventDate "2022.08.14"]
[EventType "team-swiss"]
[EventRounds "7"]
[EventCountry "ISR"]
[SourceTitle "CBM 209 Extra"]
[Source "ChessBase"]
[SourceDate "2022.09.30"]
[SourceVersion "1"]
[SourceVersionDate "2022.09.30"]
[SourceQuality "1"]

1. c4 Nf6 2. Nc3 g6 3. g3 Bg7 4. Bg2 d6 5. e3 0-0 6. Nge2 e5 7. 0-0 Nbd7 8. d3 a5 9. b3 Re8 10. a3 Nf8 11. Bb2 h5 12. Qd2 h4 13. b4 N8h7 14. Nd5 hxg3 15. fxg3 c6 16. Nxf6+ Nxf6 17. d4 Qe7 18. d5 cxd5 19. Bxd5 Nxd5 20. cxd5 Bh6 21. Qd3 Bh3 22. Rfe1 Qc7 23. Nc3 axb4 24. axb4 Rxa1 25. Bxa1 Ra8 26. Bb2 Qb6 27. b5 Kg7 28. Nd1 Bf5 29. Qb3 Ra5 30. Nc3 Bxe3+ 31. Kg2 Bd4 32. Re2 Bxc3 33. Qxc3 Rxb5 34. Rxe5 Rb3 35. Qxb3 Qxb3 0-1